00319nam a2200097 a 4500008004100000050001100041100001800052245008100070260006100151350000900212120416s2002 ||||||||||||||||| || u aTHESIS aNakazwe, Melu12aA Kitwe District Education Board Website for Basic and High Schools in Kitwe aKitwebCopperbelt University, School of Technologyc2002 a0.00